000 01096naa a22003137a 4500
001 BR6800346
003 BR-BrBNA
005 20240918173329.0
007 ta
008 230509b bl.||||| |||| 00| 0 por d
040 _aBR-BrBNA
_bpor
_cBiblioteca Nacional de Agricultura
041 _a(Pt)
072 _aK10; K20
_b/G514
_bGZ72
090 _aK10 BR6800346
100 1 _aDissmann, W.
111 1 _aCongresso Florestal Brasileiro
_cCuritiba, PR (Brazil)
_d20 Oct 1968
245 1 _aCadastro florestal registro de plantios [Floresta; Inventario florestal; Brasil]
260 3 _aCuritiba, PR (Brasil):
_c1968.
500 _aAnais do Congresso Florestal Brasileiro Curitiba, PR (Brasil): 1968. p. 303-304 (BR6800346-AM)K10
650 _aProducao florestal
650 _aAdministracao florestal
650 _aFloresta
650 _aPlantio
650 _aReflorestamento
650 _aInventario florestal
773 0 _tAnais do Congresso Florestal Brasileiro
_wK10 BR6800346
_gCuritiba, PR (Brasil), 1968. p. 303-304
909 _a202404
_bLucia
_c55
_dLucia Elande
942 _cAM
_2AGRIS
999 _c304011
_d304011